000 00801nam a2200241 a 4500
005 20221111063523.0
008 160629s2001 cl r 000 0 spa d
020 _a9582006072
035 _aUPN01000211758
049 _aF
050 4 _aQA76.76 E9.5
_bM3.2
100 1 _aMaldonado Granados, Luis Facundo
_939936
245 1 0 _aAnálisis de protocolos :
_bposibilidad metodológica para el estudio de procesos cognitivos /
_cLuis Facundo Maldonado Granados.
260 _aBogotá :
_bUniversidad Pedagógica Nacional,
_c2001.
300 _a42 p.
440 0 _aCiencias
650 4 _aSISTEMAS EXPERTOS (COMPUTACION)
_925520
650 2 _aInteligencia artificial
_95343
650 2 _aProcesos cognitivos
_96102
650 2 _aSolución de problemas
_92522
905 _aLibro
999 _c183859
_d183859